000 01049nas a2200349 4500
001 BR0903364
003 BR-BrBNA
005 20231205113701.0
007 ta
008 230509b bl.|||p| |||| 00| 00por d
040 _aBR-BrBNA
_bpor
_cBiblioteca Nacional de Agricultura
041 _a(Pt)
072 _aL20; F40; H10
100 1 _aPoltronieri, A.S.
100 1 _aMonteiro, L. B.
100 1 _aSchuber, J.M.
100 1 _aCardoso, N. A.
245 1 _aConexidade Populacional de Grapholita mosesta (Busck, 1916)(Lepidoptera: Torticidae)entre pomares de pessegueiro e macieira
650 _aECOLOGIA
650 _aPOPULAÇÃO
650 _aPRODUÇÃO AGRÍCOLA
650 _aPÊSSEGO
650 _aMAÇÃ
650 _aCONTROLE BIOLÓGICO
650 _aINSETO
650 _aPRAGA DE PLANTA
650 _aMARIPOSA ORIENTAL
650 _aGRAPHOLITA MOLESTA
773 0 _tScientia Agraria (Brazil)
_xISSN 1519-1125
_g(2008), v. 9(3) p. 339-347
_wBR0903364
909 _a202311
_bLúcia
_c55
_dLúcia Elande
942 _2AGRIS
_n0
_cANA
999 _c205051
_d205051